000 00483nam a2200193 a 4500
001 4895
003 CO-ViMGA
008 141112s2004 ck r 000 u spa d
040 _aCO-ViMGA
_bspa
_cCO-ViMGA
082 0 4 _a808.8037 L393gr
245 1 0 _aLeyendas de Grecia y Roma
250 _a2a
260 _aBarcelona :
_bLabor,
300 _a124 p : il
490 _aBolsillo juvenil, 61
650 1 4 _aLEYENDAS GRIEGAS
_93069
650 1 4 _aLEYENDAS ROMANAS
_93070
942 _2ddc
_cBK
999 _c16901
_d16901